Surnames - Multiple Choice #12 - Statistics

General Stats
  • This quiz has been taken 10 times
  • The average score is 10 of 15
Answer Stats
Question Answer % Correct
Khalid Arabic
100%
Petrosyan Armenian
100%
Ping Chinese
100%
Caillou French
100%
Ritz German
100%
Gandhi Indian
100%
Montesano Italian
100%
Calabrese Italian
100%
Toyoda Japanese
100%
Zelenin Russian
50%
Bang Danish
0%
Virgo English
0%
Petronis Lithuanian
0%
Resendiz Spanish
0%
Wuopio Swedish
0%
No matching quizzes found
Score Distribution
Percent of People with Each Score
Percentile by Number Answered
Your Score History
You have not taken this quiz